Raghuvamsam / (Record no. 4030)
[ view plain ]
| 000 -LEADER | |
|---|---|
| fixed length control field | 00453cam a2200181ua 4500 |
| 041 ## - LANGUAGE CODE | |
| Language code of text/sound track or separate title | mal |
| 082 ## - DEWEY DECIMAL CLASSIFICATION NUMBER | |
| Classification number | 894.8121 |
| Item number | KAL/RA |
| 100 ## - MAIN ENTRY--AUTHOR NAME | |
| Personal name | Kalidasan, . |
| 245 ## - TITLE STATEMENT | |
| Title | Raghuvamsam / |
| 250 ## - EDITION STATEMENT | |
| Edition statement | 2 / |
| 260 ## - PUBLICATION, DISTRIBUTION, ETC. (IMPRINT) | |
| Place of publication | Calicut : |
| Name of publisher | Mathrubhumi Printing & Publishing Companty Ltd , |
| Year of publication | 1964. |
| 300 ## - PHYSICAL DESCRIPTION | |
| Number of Pages | 570 ; . |
| 942 ## - ADDED ENTRY ELEMENTS (KOHA) | |
| Koha item type | Books |
| Withdrawn status | Lost status | Damaged status | Home library | Current library | Date acquired | Full call number | Accession Number | Koha item type | Public note |
|---|---|---|---|---|---|---|---|---|---|
| Withdrawn | KAUAET | Central Prison Tavanur | 07/04/2012 | 894.8121 | 8902 | Books | Transferred to Central Prison |
